| 000 | 01502nam a2200397Ii 4500 | ||
|---|---|---|---|
| 001 | DIGLANTIA0013 | ||
| 003 | NyNyDIG | ||
| 007 | cr ||||||||||| | ||
| 008 | 230414s2019 sp ob 000 0 spa d | ||
| 006 | m o d | ||
| 020 |
_a9788417772185 _qeBook |
||
| 020 | _z9788417772826 | ||
| 035 | _a(OCoLC)1155808080 | ||
| 040 |
_aDGITA _beng _erda _epn _cDGITA |
||
| 050 | 1 | 4 | _aLB1062 ebook |
| 100 | 1 |
_aPinos Quílez, Martín, _eauthor. |
|
| 245 | 1 | 0 |
_aCon corazón y cerebro : _bNet learning : aprendizaje basado en la neurociencia, la emoción y el pensamiento / _cMartín Pinos Quílez. |
| 264 | 1 |
_a[España] : _bCaligrama, _c[2019] |
|
| 300 | _a1 online resource. | ||
| 336 |
_atext _btxt _2rdacontent |
||
| 337 |
_acomputer _bc _2rdamedia |
||
| 338 |
_aonline resource _bcr _2rdacarrier |
||
| 347 |
_atext file _2rdaft |
||
| 347 | _bEPUB | ||
| 504 | _aIncludes bibliographical references. | ||
| 588 | 0 | _aOnline resource; title from ePub title page (Digitalia, viewed April 14, 2023) | |
| 650 | 0 | _aCognitive learning. | |
| 650 | 0 | _aCognitive neuroscience. | |
| 650 | 0 |
_aEducation _xPhilosophy. |
|
| 791 | 2 |
_aDigitalia (Firm), _edistributor. |
|
| 793 | 0 |
_gDigitalia eBook Collection: _aLantia |
|
| 776 | 0 | 8 |
_iPrint version: _aPinos Quílez, Martín. _tCon corazón y cerebro. _bPrimera edición. _d[España] : Caligrama, [2019] _z9788417772826 |
| 856 | 4 | 0 |
_3Digitalia Hispánica _uhttps://www.digitaliapublishing.com/a/122316/ |
| 910 | _aPremium collection: 2023 | ||
| 942 | _cRAA | ||
| 999 |
_c276273 _d276273 |
||